A New Approach to Global Studies from the Perspective of Small Nations (Record no. 80917)

MARC details
000 -LEADER
fixed length control field 03077namaa2200433uu 4500
001 - CONTROL NUMBER
control field doab133771
003 - CONTROL NUMBER IDENTIFIER
control field oapen
005 - DATE AND TIME OF LATEST TRANSACTION
control field 20260218110427.0
006 - FIXED-LENGTH DATA ELEMENTS--ADDITIONAL MATERIAL CHARACTERISTICS
fixed length control field m o d
007 - PHYSICAL DESCRIPTION FIXED FIELD--GENERAL INFORMATION
fixed length control field cr|mn|---annan
008 - FIXED-LENGTH DATA ELEMENTS--GENERAL INFORMATION
fixed length control field 240131s2024 xx |||||o ||| 0|eng d
020 ## - INTERNATIONAL STANDARD BOOK NUMBER
International Standard Book Number 9781003395232
020 ## - INTERNATIONAL STANDARD BOOK NUMBER
International Standard Book Number 9781003395232
020 ## - INTERNATIONAL STANDARD BOOK NUMBER
International Standard Book Number 9781003814412
020 ## - INTERNATIONAL STANDARD BOOK NUMBER
International Standard Book Number 9781003814429
020 ## - INTERNATIONAL STANDARD BOOK NUMBER
International Standard Book Number 9781032497358
020 ## - INTERNATIONAL STANDARD BOOK NUMBER
International Standard Book Number 9781032497365
024 7# - OTHER STANDARD IDENTIFIER
Standard number or code 10.4324/9781003395232
Source of number or code doi
040 ## - CATALOGING SOURCE
Original cataloging agency oapen
Transcribing agency oapen
Modifying agency
041 0# - LANGUAGE CODE
Language code of text/sound track or separate title eng
042 ## - AUTHENTICATION CODE
Authentication code dc
245 00 - TITLE STATEMENT
Title A New Approach to Global Studies from the Perspective of Small Nations
260 ## - PUBLICATION, DISTRIBUTION, ETC.
Place of publication, distribution, etc. Oxford
Name of publisher, distributor, etc. Taylor & Francis
Date of publication, distribution, etc. 2024
300 ## - PHYSICAL DESCRIPTION
Extent 1 online resource (290 p.)
336 ## - CONTENT TYPE
Content type term text
Content type code txt
Source rdacontent
337 ## - MEDIA TYPE
Media type term computer
Media type code c
Source rdamedia
338 ## - CARRIER TYPE
Carrier type term online resource
Carrier type code cr
Source rdacarrier
506 0# - RESTRICTIONS ON ACCESS NOTE
Standardized terminology for access restriction Unrestricted online access
Source of term star
520 ## - SUMMARY, ETC.
Summary, etc. • A comprehensive introduction to small states, with a mixture of detailed examples (Quebec and Japan) and a broader range of case studies; • Addresses core questions of what a "state" is, what it is for and the role of small states in the international system; • Refocusses the study of small states away from the usual case studies, refocussing on the North American and East Asian contexts. ; With emphasis on East Asian and North American examples - notably Japan and Quebec - Date, Laniel and their contributors take a new approach to the understanding of small nations and their role in the international system. Small nations, by their very nature, raise significant questions about what a nation is. Some small nations are sovereign states with relatively small populations and limited territory, others are nations within larger sovereign states, with distinctive cultures, governance structures or other features that differentiate them from their "parent" state. By focussing on non-European nations in particular, the contributors to this volume challenge our conceptions of what a small nation is and how it operates within the international system. They focus in particular on the nation-within-a-nation-state of Quebec and on Japan, supplemented by further examples from East Asia. By interrogating what these examples have to show us about the typology and character of small nations, they offer a critique of superpower and draw out the potential of small nation studies. A valuable resource for students and scholars of international relations and theories of the nation and nation state.
540 ## - TERMS GOVERNING USE AND REPRODUCTION NOTE
Terms governing use and reproduction Creative Commons
-- https://creativecommons.org/licenses/by-nc-nd/4.0/
-- cc
Uniform Resource Identifier <a href="https://creativecommons.org/licenses/by-nc-nd/4.0/">https://creativecommons.org/licenses/by-nc-nd/4.0/</a>
546 ## - LANGUAGE NOTE
Language note English
720 1# - ADDED ENTRY--UNCONTROLLED NAME
Name Date, Kiyonobu
Relator code edt
720 1# - ADDED ENTRY--UNCONTROLLED NAME
Name Date, Kiyonobu
Relator code oth
720 1# - ADDED ENTRY--UNCONTROLLED NAME
Name Laniel, Jean-François
Relator code edt
720 1# - ADDED ENTRY--UNCONTROLLED NAME
Name Laniel, Jean-François
Relator code oth
793 0# -
-- DOAB Library.
856 ## - ELECTRONIC LOCATION AND ACCESS
Uniform Resource Identifier <a href="https://docs.google.com/spreadsheets/d/1yKIrdCPDAG_9c22mwoOIO2DOhtj65Wqa/edit?usp=sharing&ouid=106555315294820607512&rtpof=true&sd=true ">https://docs.google.com/spreadsheets/d/1yKIrdCPDAG_9c22mwoOIO2DOhtj65Wqa/edit?usp=sharing&ouid=106555315294820607512&rtpof=true&sd=true </a>
Link text List of Curated E-Books
942 ## - ADDED ENTRY ELEMENTS (KOHA)
Koha item type E-Book
Holdings
Withdrawn status Damaged status Not for loan Home library Current library Date acquired Total Checkouts Date last seen Price effective from Koha item type
      Directory of Open Access Books Directory of Open Access Books 12/09/2024   12/09/2024 12/09/2024 E-Book

University of Rizal System
Email us at univlibservices@urs.edu.ph

Visit our Website www.urs.edu.ph/library